Discographie J9ueve - Statistiques

Statistiques générales
  • Ce quiz a été pris 74 fois
  • Le résultat moyen est 31 sur 86
Statistiques - réponses
PROJETS Réponse % Correct
Arc-en-ciel Distanciel
72%
Illusions Lemon
67%
HARMONY 17 TEUDY
65%
Le Neuf Margiela
65%
Illusions Flou
63%
LE BIJOU LE PLUS BRILLANT LE BIJOU LE PLUS BRILLANT
63%
WDTA ON SE PARLE PLUS MAINTENANT
60%
NUEVE SEAZON RIHANNA
60%
WDTA ALRIGHT
58%
Le plan Sans toi
58%
Arc-en-ciel In & Out
56%
NUEVE SEAZON HOLD UP
53%
Arc-en-ciel Interlude
53%
LE BIJOU LE PLUS BRILLANT LES SERPENTS
53%
LE BIJOU LE PLUS BRILLANT SEX W/ ME
53%
HARMONY JE NE PLEURE MEME PLUS
51%
HARMONY RODEO
49%
Arc-en-ciel 2step
47%
HARMONY #BG
47%
NUEVE SEAZON DERNIERE DANSE
47%
LE BIJOU LE PLUS BRILLANT DIAMANT
47%
Feat. Myth Syzer DIAMANT
47%
Le plan Dépensier
44%
LE BIJOU LE PLUS BRILLANT LE MONDE ETAIT A NOUS
44%
Feat. La Fève Tous mes états
44%
HARMONY TRAGEDIE
44%
HARMONY BOMBOM
42%
LE BIJOU LE PLUS BRILLANT INTRO
42%
Le plan Le plan
42%
Illusions Melody
42%
Arc-en-ciel Pissenlit
42%
Illusions Présidentiel
42%
Le Neuf Top
42%
Le plan Vibe
42%
HARMONY DAY OFF
40%
LE BIJOU LE PLUS BRILLANT DESIRE
40%
HARMONY EN FACE
40%
HARMONY I<3 U
40%
LE BIJOU LE PLUS BRILLANT RR INTERLUDE
40%
Arc-en-ciel Chica
37%
HARMONY N°14
37%
Le Neuf Nueve
37%
HARMONY 2000TRAPBABY
35%
Le Neuf Audemars
35%
NUEVE SEAZON SAVE US
35%
Illusions 50%
33%
HARMONY DRAMA
33%
NUEVE SEAZON LA PLUS BELLE METHODE
33%
Illusions Number One
33%
HARMONY TANT DE NOUS
33%
Single Banana
30%
HARMONY HOT SAUCE
30%
LE BIJOU LE PLUS BRILLANT LA MISSION
30%
LE BIJOU LE PLUS BRILLANT LOUPER LE COCHE
30%
Illusions No More
30%
NUEVE SEAZON SHE LIT
30%
Single Vague
30%
Arc-en-ciel Vital
30%
Illusions 2:23
28%
LE BIJOU LE PLUS BRILLANT BBY LUV
28%
HARMONY DRINK N SEX
28%
Arc-en-ciel Les 100 pas
28%
LE BIJOU LE PLUS BRILLANT SANS FAIRE EXPRES
28%
Feat. Rounhaa MR. & MRS. SMITH
26%
Feat. Kosei GO
23%
Feat. GhostKiller Track GO
23%
Arc-en-ciel Plus rien à perdre
23%
Le Neuf Big Money
21%
Feat. Mahdi Ba Classer mes idées
21%
Illusions La belle vie
19%
Feat. JMK$, Khali MENSONGE
19%
Feat. zaky Ciel
16%
Feat. FREAKEY! ELLE
16%
Feat. Hofmann, Sonny Rave Minimum
16%
Feat. 99, Wolfkid Rock With You
16%
Feat. Serane, SURF GANG S9
16%
Feat. DMS ETE HIVER
14%
Feat. Odda, Ryflo, Regularboy MIGNON GARCON
14%
Feat. 1863, Odda Elementaire
12%
Feat. Karmen LA LUNE
12%
Feat. Jäde Bon Acteur
9%
Feat. Coyote Jo Bastard Rari
9%
Feat. Nosnow Tout mélanger
9%
Feat. Santa Face ID
7%
Feat. Dara, Regularboy Affaires
5%
Feat. SONBEST CRZ BABY
5%
Aucun quiz correspondant
Distribution des résultats
% des personnes avec chaque résultat
Percentile par nombre de réponses
Votre historique - résultats
Vous n’avez pas pris ce quiz